| 000 | 00409nam a2200157 a 4500 | ||
|---|---|---|---|
| 001 | 2230 | ||
| 003 | CDMR | ||
| 005 | 20131031111634.0 | ||
| 008 | 130130s1974||||||||||||||||||||||||||||d | ||
| 040 |
_aCDMR _bcat _cCDMR |
||
| 100 | 1 |
_aEnsema Nsang, Marcelo _91658 |
|
| 245 | 1 | 3 |
_aLa prensa en Guinea Ecuatorial _cMarcelo Ensema Nsang |
| 260 |
_aBarcelona _c1974 |
||
| 650 | 0 | 4 |
_94243 _aPremsa _zÀfrica |
| 942 |
_cTSN _2udc |
||
| 999 |
_c2230 _d2230 |
||